000 00819nas a2200253 4500
001 BR0801250
003 BR-BrBNA
005 20231205111636.0
007 ta
008 230509b bl.|||p| |||| 00| 00por d
040 _aBR-BrBNA
_bpor
_cBiblioteca Nacional de Agricultura
041 _a(Pt)
072 _aL20; L40; L53
100 1 _aFontanetti, C.S.
100 1 _aCunha, M.A.S. da
245 1 _aMorfologia ovariana e desenvolvimento dos ovócitos de Rhinocricus padbergi verhoeff (Diplopoda, Spirobolida, Rhinocricidae)
650 _aARTROPODA
650 _aMORFOLOGIA ANIMAL
650 _aOVÁRIO
650 _aOVOGÊNESE
773 0 _tRevista Brasileira de Biologia (Brazil)
_xISSN 0034-7108
_g(Feb 1993), v. 53(1) p. 7-12
_wBR0801250
909 _a202311
_bLúcia
_c55
_dLúcia Elande
942 _2AGRIS
_n0
_cANA
999 _c193707
_d193707